|
|
|
|
| LEADER |
00000cam a2200000 a 4500 |
| 001 |
vtls010566496 |
| 003 |
SK-MaSNL |
| 005 |
20260301044537.0 |
| 008 |
240314s2013 xo oa e n 000 0 eng |
| 015 |
|
|
|a SNBA2014/02
|
| 020 |
|
|
|a 9788055705552
|q (brož.)
|
| 035 |
|
|
|a urn:nbn:sk:snk-am00a077
|
| 035 |
|
|
|a urn:nbn:sk:snk-am3hbxf
|
| 035 |
|
|
|a F689C65B-4CD3-4AC5-A927-330599566BF4
|
| 040 |
|
|
|a SNK
|b slo
|c SNK
|e AACR2
|
| 041 |
0 |
|
|a eng
|
| 044 |
|
|
|a xo
|c SK
|
| 072 |
|
7 |
|a 658
|x Riadenie a správa podniku
|2 konspekt
|
| 080 |
|
|
|a 658.8:005.21
|2 2001
|
| 080 |
|
|
|a 658.8:005
|2 2001
|
| 080 |
|
|
|a (075.8)
|2 2001
|
| 080 |
|
|
|a 005.21
|2 2001
|
| 100 |
1 |
|
|a Ďaďo, Jaroslav,
|d 1954-
|4 aut
|9 131660
|
| 245 |
1 |
0 |
|a Marketing strategies
|c Jaroslav Ďaďo, Janka Táborecká-Petrovičová
|
| 250 |
|
|
|a 1st ed.
|
| 260 |
|
|
|a Banská Bystrica
|b Matej Bel University, Faculty of Economics
|c 2013
|
| 300 |
|
|
|a 225 s.
|b fotogr., ilustr., sch., tab.
|c 21 cm
|
| 366 |
|
|
|e 60 výt.
|
| 504 |
|
|
|a Bibliogr.: s. 216-224 ; bibliogr. odkazy
|
| 650 |
0 |
7 |
|a strategický marketing
|2 SNKPH
|9 4278
|
| 650 |
0 |
7 |
|a strategický manažment
|2 SNKPH
|9 3637
|
| 650 |
0 |
7 |
|a Strategic marketing
|2 SNKPHeng
|9 314754
|
| 650 |
0 |
7 |
|a marketingový manažment
|2 SNKPH
|9 1715
|
| 650 |
0 |
7 |
|a Marketing management
|2 SNKPHeng
|9 275329
|
| 650 |
0 |
7 |
|a Strategic planning
|2 SNKPHeng
|9 290308
|
| 655 |
|
7 |
|a učebnice vysokých škôl
|2 SNKPH
|9 70191
|
| 655 |
|
7 |
|a Textbooks (higher)
|2 SNKPHeng
|9 276436
|
| 700 |
1 |
|
|a Táborecká, Janka,
|d 1979-
|4 aut
|9 255076
|
| 852 |
|
|
|a Štátna vedecká knižnica v Banskej Bystrici
|
| 919 |
|
|
|a 978-80-557-0555-2
|
| 958 |
|
|
|a NB
|
| 999 |
|
|
|c 596252
|d 598182
|
| 952 |
|
|
|a SNK
|b SNK
|y PREZ
|7 0
|p 17A1103470
|o snkSC 157905
|i snk2014/2609
|8 0
|0 0
|1 0
|4 0
|d 2014-01-27
|f 1
|l 0
|r 2025-08-20 00:00:00
|w 2026-02-23
|
| 952 |
|
|
|a SNK
|b SNK
|y VYP
|7 0
|p 17A1103471
|o snkSC 157905 D1
|i snk2014/2610
|8 0
|0 0
|1 0
|4 0
|d 2014-01-27
|l 0
|r 2026-02-23 15:39:21
|w 2026-02-23
|